[Event "Queen City op 23rd"]
[Site "Manchester"]
[Date "1999.??.??"]
[Round "4"]
[White "Duggan, Brian"]
[Black "Sciacca, Patrick"]
[Result "0-1"]
[WhiteElo "1715"]
[BlackElo "2055"]
[PlyCount "44"]
[EventDate "1999.02.??"]
[EventType "swiss"]
[EventRounds "5"]
[EventCountry "USA"]
[SourceTitle "EXT 2004"]
[Source "ChessBase"]
[SourceDate "2003.11.25"]
[SourceVersion "1"]
[SourceVersionDate "2003.11.25"]
[SourceQuality "1"]

1. d4 Nf6 2. c4 c5 3. d5 b5 4. b3 bxc4 5. bxc4 g6 6. Bb2 Bg7 7. e4 d6 8. Bd3 0-0 9. Nd2 Qa5 10. Qc2 Bd7 11. Ne2 Na6 12. a3 Ba4 13. Qc3 Qc7 14. 0-0 Rab8 15. Rab1 Rb7 16. Qc1 Rfb8 17. Nc3 Bd7 18. Nb5 Qd8 19. Bc3 Qe8 20. e5 Nxd5 21. Be4 Nxc3 22. Bxb7 Ne2+ 0-1